000 00601cam a22001934a 4500
005 20250605163431.0
008 250528s ||||||||||||||||||||||||d
035 _a19123
020 _a521484219
040 _aGR-AtMCL
_bgre
_dGR-AtMCL
_eAACR2
245 1 _aCambridge International Dictionary of English / Guides you to the Meaning
250 _a1st
260 _bCambridge University Press,
_c1995
300 _a1778
520 _aThis book is aimed at learners and users of English as a Foreign Language from intermediate level upwards.
942 _cBK
999 _c4402
_d4402